书目信息 |
| 题名: |
红楼梦研究稀见资料汇编
|
|
| 作者: | 吕启祥 , 林东海 主编 | |
| 分册: | 上 | |
| 出版信息: | 北京 人民文学出版社 2001 |
|
| 页数: | 694页 | |
| 开本: | 20cm | |
| 丛书名: | ||
| 单 册: | ||
| 中图分类: | I207.411-53 | |
| 科图分类: | ||
| 主题词: | 文学--中国 | |
| 电子资源: | ||
| ISBN: | 7-02-002995-7 | |
| 000 | 00673nam0 2200217 45 | |
| 001 | 0107101675 | |
| 005 | 20031219104057.0 | |
| 010 | @a7-02-002995-7@dCNY34.00 | |
| 100 | @a20010710d2001 km y0chiy0120 ea | |
| 101 | 0 | @achi |
| 105 | @a z 000yy | |
| 200 | 1 | @a红楼梦研究稀见资料汇编@h上@AHong Lou Meng Yan Jiu Xi Jian Zi Liao Hui Bian@f吕启祥,林东海主编@FLu Qi Xiang,Lin Dong Hai Zhu Bian |
| 210 | @a北京@c人民文学出版社@d2001 | |
| 215 | @a694页@d20cm | |
| 605 | @a红楼梦@x研究@y中国 | |
| 606 | 0 | @a文学@x中国 |
| 690 | @aI207.411-53@v4 | |
| 701 | 0 | @a吕启祥@4主编 |
| 701 | 0 | @a林东海@4主编 |
| 801 | @aCN@bTSTC@c20010710 | |
| 905 | @b313740-741@dI207.411-53@e355:1@f2 | |
| 红楼梦研究稀见资料汇编.上/吕启祥,林东海主编.-北京:人民文学出版社,2001 |
| 694页;20cm |
| ISBN 7-02-002995-7:CNY34.00 |
| ● |
| 相关链接 |
|
|
|
|
正题名:红楼梦研究稀见资料汇编
索取号:I207.411-53/355:1
 
预约/预借
| 序号 | 登录号 | 条形码 | 馆藏地/架位号 | 状态 | 备注 |
| 1 | 0313740 | 203137408 | 第一样本阅览室/ [索取号:I207.411-53/355:1] | 在馆 | |
| 2 | 0313741 | 203137417 | 第二借阅区/ [索取号:I207.411-53/355:1] | 在馆 |